Phong trào công nhân Quốc tế

Đã lưu trong:
Bibliografiske detaljer
Format: Bog
Tags: Tilføj Tag
Ingen Tags, Vær først til at tagge denne postø!
Thư viện lưu trữ: Mạng thư viện Đại học Đà Nẵng
LEADER 00964nam a2200205 4500
001 000007979
003 4157
005 20150812140849.0
008 111013s sd
245 0 0 |a Phong trào công nhân Quốc tế 
774 |d H.  |d 1985  |g T. 1  |h 816 tr  |n ĐTTS: Viện Hàn lâm Khoa học Liên Xô. Viện nghiên cứu phong trào công nhân Quốc tế  |t Sự ra đời của giai cấp, vô sản và sự hình thành của nó với tư cách là một giai cấp cách mạng  |w 4165 
774 |d H.  |d 1985  |g T. 2  |h 764 tr  |n ĐTTS: Viện Hàn lâm Khoa học Liên Xô. Viện nghiên cứu phong trào công nhân Quốc tế  |t Phong trào công nhân trong thời kỳ chuyển sang chủ nghĩa đế quốc (1871-1904)  |w 11613 
OWN |a LSP 
999 |a From the UDN01 
TYP |a Monograph 
TYP |a Printed language 
980 |a Mạng thư viện Đại học Đà Nẵng